LDR 00871naa#a2200169#i#450# 001 RU\\bibl\120732 005 20260428161034.2 011 ## _a2687-0185 100 ## _a20250212b2025####ek#y0rusy0150####ca 102 ## _aRU 200 1# _aТеоретико-правовые основы административных процедур в условиях цифровизации, реализуемых органами внутренних дел Российской Федерации _eЖурнальная статья 210 1# _aМосква _cМосковский университет МВД России имени В.Я. Кикотя _d2025 215 ## _a3 с. 608 ## _aЖурнальная статья _2local 675 ## _aПраво. Юридические науки. 34 _z 700 #1 _aКарнаухова _gЮлия Александровна 856 4# _amosumvd.editorum.ru _u